000 00585nam a2200181Ia 4500
003 GCL
008 140319s9999 xx 000 0 ara d
040 _aGCL /
_cGCL
082 0 4 _a811.09
_bف ا
100 1 _aفوزى خضر
245 1 0 _aمسافات السفر /
_cفوزى خضر
260 _aالقاهرة :
_bالمجلس الاعلى للثقافة ،
_c1996
300 _a153 ص ؛
_c20 سم
650 0 4 _aالشعر العربى
650 0 4 _aالادب العربى
650 0 4 _aالادب العربى - تاريخ ونقد - العصرالحديث
942 _2ddc
_cBK
999 _c4887
_d4887